000 00621nam a2200229Ia 4500
003 OSt
005 20220923230753.0
006 a|||||r|||| 00| 0
007 ta
008 Pun
024 _a305,439
037 _cTextual
040 _aARTS
_cARTS
_bPun
041 _2Pun
_aPun
082 _aV2:57wN, 153L6
100 _aਹਉਰਾ, ਕੁਲਦੀਪ ਸਿੰਘ
245 0 _aਜੁਝਾਰ ਸੂਰਮੇ
260 _c1976
650 _aਭਾਰਤੀਯ ਇਤਿਹਾਸ
942 _hV2:57wN, 153L6
_cTEXL
_2CC
999 _c387231
_d387231